<?xml version="1.0" encoding="UTF-8"?>
<record
    xmlns:xsi="http://www.w3.org/2001/XMLSchema-instance"
    xsi:schemaLocation="http://www.loc.gov/MARC21/slim http://www.loc.gov/standards/marcxml/schema/MARC21slim.xsd"
    xmlns="http://www.loc.gov/MARC21/slim">

  <leader>01100nas a2200277 454500</leader>
  <controlfield tag="001">391</controlfield>
  <controlfield tag="005">20260407193503.0</controlfield>
  <controlfield tag="008">260407s2005####ag###########|||spa#d</controlfield>
  <controlfield tag="003">AR-UNSa-BCEJYS</controlfield>
  <datafield tag="040" ind1=" " ind2=" ">
    <subfield code="a">AR-UNSa-BCEJYS</subfield>
    <subfield code="b">spa</subfield>
    <subfield code="c">AR-UNSa-BCEJYS</subfield>
  </datafield>
  <datafield tag="080" ind1=" " ind2=" ">
    <subfield code="a">65</subfield>
    <subfield code="x">Gesti&#xF3;n y organizaci&#xF3;n de la industria, el comercio y las comunicaciones</subfield>
  </datafield>
  <datafield tag="245" ind1="1" ind2="0">
    <subfield code="a">Gesti&#xF3;n</subfield>
  </datafield>
  <datafield tag="022" ind1=" " ind2=" ">
    <subfield code="a">0328-9117</subfield>
  </datafield>
  <datafield tag="264" ind1=" " ind2="1">
    <subfield code="a">Buenos Aires :</subfield>
    <subfield code="b">HSM Argentina</subfield>
    <subfield code="c">2005</subfield>
  </datafield>
  <datafield tag="310" ind1=" " ind2=" ">
    <subfield code="a">Frecuencia: Bimestral
Cambia de Director a partir del Vol. 10, N&#xBA; 5 por Jos&#xE9; Salibi Neto
Se incorpora como Dir. a partir del Vol.11, N&#xBA; 3 Graciela Gonz&#xE1;lez Biondo
Cambia de t&#xED;tulo la publicaci&#xF3;n por Wobi : World of Business Ideas, a partir del Vol. 17, N&#xBA; 2</subfield>
  </datafield>
  <datafield tag="041" ind1=" " ind2=" ">
    <subfield code="a">spa</subfield>
  </datafield>
  <datafield tag="942" ind1=" " ind2=" ">
    <subfield code="c">SER</subfield>
  </datafield>
  <datafield tag="590" ind1=" " ind2=" ">
    <subfield code="a">niveau_biblio:s niveau_hierar:1</subfield>
  </datafield>
  <datafield tag="100" ind1="1" ind2=" ">
    <subfield code="a">Diez, Miguel Angel</subfield>
  </datafield>
  <datafield tag="700" ind1="1" ind2=" ">
    <subfield code="a">Bruchou, Eduardo</subfield>
  </datafield>
  <datafield tag="650" ind1=" " ind2=" ">
    <subfield code="a">Gesti&#xF3;n</subfield>
  </datafield>
  <datafield tag="650" ind1=" " ind2=" ">
    <subfield code="a">Marketing</subfield>
  </datafield>
  <datafield tag="650" ind1=" " ind2=" ">
    <subfield code="a">Recursos humanos</subfield>
  </datafield>
  <datafield tag="650" ind1=" " ind2=" ">
    <subfield code="a">ADMINISTRACION DE EMPRESAS</subfield>
  </datafield>
  <datafield tag="856" ind1="4" ind2="1">
    <subfield code="u">https://biblioeco.unsa.edu.ar/pmb/images/revistas/Gestion.jpg</subfield>
    <subfield code="y">Imagen de portada</subfield>
    <subfield code="q">image/jpeg</subfield>
  </datafield>
  <datafield tag="999" ind1=" " ind2=" ">
    <subfield code="c">8364</subfield>
    <subfield code="d">8364</subfield>
  </datafield>
  <datafield tag="952" ind1=" " ind2=" ">
    <subfield code="0">0</subfield>
    <subfield code="1">0</subfield>
    <subfield code="4">0</subfield>
    <subfield code="7">0</subfield>
    <subfield code="a">BCEJYS</subfield>
    <subfield code="b">BCEJYS</subfield>
    <subfield code="c">17</subfield>
    <subfield code="d">2012-02-01</subfield>
    <subfield code="h">Vol. 17, N&#xBA; 1 - feb./mar. 2012</subfield>
    <subfield code="l">0</subfield>
    <subfield code="o">H65 GES v17.n1</subfield>
    <subfield code="p">R03506</subfield>
    <subfield code="r">2026-04-10 16:05:59</subfield>
    <subfield code="w">2026-04-10</subfield>
    <subfield code="y">RN</subfield>
  </datafield>
  <datafield tag="952" ind1=" " ind2=" ">
    <subfield code="0">0</subfield>
    <subfield code="1">0</subfield>
    <subfield code="4">0</subfield>
    <subfield code="7">0</subfield>
    <subfield code="a">BCEJYS</subfield>
    <subfield code="b">BCEJYS</subfield>
    <subfield code="c">17</subfield>
    <subfield code="d">2011-11-01</subfield>
    <subfield code="h">Vol. 16, N&#xBA; 6 - nov./dic. 2011</subfield>
    <subfield code="l">0</subfield>
    <subfield code="o">H65 GES v16.n6</subfield>
    <subfield code="p">R03465</subfield>
    <subfield code="r">2026-04-10 16:05:59</subfield>
    <subfield code="w">2026-04-10</subfield>
    <subfield code="y">RN</subfield>
  </datafield>
  <datafield tag="952" ind1=" " ind2=" ">
    <subfield code="0">0</subfield>
    <subfield code="1">0</subfield>
    <subfield code="4">0</subfield>
    <subfield code="7">0</subfield>
    <subfield code="a">BCEJYS</subfield>
    <subfield code="b">BCEJYS</subfield>
    <subfield code="c">17</subfield>
    <subfield code="d">2011-09-01</subfield>
    <subfield code="h">Vol. 16, N&#xBA; 5 - sep./oct. 2011</subfield>
    <subfield code="l">0</subfield>
    <subfield code="o">H65 GES v16.n5</subfield>
    <subfield code="p">R03275</subfield>
    <subfield code="r">2026-04-10 16:05:59</subfield>
    <subfield code="w">2026-04-10</subfield>
    <subfield code="y">RN</subfield>
  </datafield>
  <datafield tag="952" ind1=" " ind2=" ">
    <subfield code="0">0</subfield>
    <subfield code="1">0</subfield>
    <subfield code="4">0</subfield>
    <subfield code="7">0</subfield>
    <subfield code="a">BCEJYS</subfield>
    <subfield code="b">BCEJYS</subfield>
    <subfield code="c">17</subfield>
    <subfield code="d">2011-07-01</subfield>
    <subfield code="h">Vol. 16, N&#xBA; 4 - jul./ago. 2011</subfield>
    <subfield code="l">0</subfield>
    <subfield code="o">H65 GES v16.n4</subfield>
    <subfield code="p">R03255</subfield>
    <subfield code="r">2026-04-10 16:05:59</subfield>
    <subfield code="w">2026-04-10</subfield>
    <subfield code="y">RN</subfield>
  </datafield>
  <datafield tag="952" ind1=" " ind2=" ">
    <subfield code="0">0</subfield>
    <subfield code="1">0</subfield>
    <subfield code="4">0</subfield>
    <subfield code="7">0</subfield>
    <subfield code="a">BCEJYS</subfield>
    <subfield code="b">BCEJYS</subfield>
    <subfield code="c">17</subfield>
    <subfield code="d">2011-05-01</subfield>
    <subfield code="h">Vol. 16, N&#xBA; 3 - may./jun. 2011</subfield>
    <subfield code="l">0</subfield>
    <subfield code="o">H65 GES v16.n3</subfield>
    <subfield code="p">R03047</subfield>
    <subfield code="r">2026-04-10 16:05:59</subfield>
    <subfield code="w">2026-04-10</subfield>
    <subfield code="y">RN</subfield>
  </datafield>
  <datafield tag="952" ind1=" " ind2=" ">
    <subfield code="0">0</subfield>
    <subfield code="1">0</subfield>
    <subfield code="4">0</subfield>
    <subfield code="7">0</subfield>
    <subfield code="a">BCEJYS</subfield>
    <subfield code="b">BCEJYS</subfield>
    <subfield code="c">17</subfield>
    <subfield code="d">2011-03-01</subfield>
    <subfield code="h">Vol. 16, N&#xBA; 2 - mar./abr. 2011</subfield>
    <subfield code="l">0</subfield>
    <subfield code="o">H65 GES v16.n2</subfield>
    <subfield code="p">R03016</subfield>
    <subfield code="r">2026-04-10 16:05:59</subfield>
    <subfield code="w">2026-04-10</subfield>
    <subfield code="y">RN</subfield>
  </datafield>
  <datafield tag="952" ind1=" " ind2=" ">
    <subfield code="0">0</subfield>
    <subfield code="1">0</subfield>
    <subfield code="4">0</subfield>
    <subfield code="7">0</subfield>
    <subfield code="a">BCEJYS</subfield>
    <subfield code="b">BCEJYS</subfield>
    <subfield code="c">17</subfield>
    <subfield code="d">2011-01-01</subfield>
    <subfield code="h">Vol. 16, N&#xBA; 1 - ene./feb. 2011</subfield>
    <subfield code="l">0</subfield>
    <subfield code="o">H65 GES v16.n1</subfield>
    <subfield code="p">R02713</subfield>
    <subfield code="r">2026-04-10 16:05:59</subfield>
    <subfield code="w">2026-04-10</subfield>
    <subfield code="y">RN</subfield>
  </datafield>
  <datafield tag="952" ind1=" " ind2=" ">
    <subfield code="0">0</subfield>
    <subfield code="1">0</subfield>
    <subfield code="4">0</subfield>
    <subfield code="7">0</subfield>
    <subfield code="a">BCEJYS</subfield>
    <subfield code="b">BCEJYS</subfield>
    <subfield code="c">17</subfield>
    <subfield code="d">2010-11-01</subfield>
    <subfield code="h">Vol. 15, N&#xBA; 6 - nov./dic. 2010</subfield>
    <subfield code="l">0</subfield>
    <subfield code="o">H65 GES v15.n6</subfield>
    <subfield code="p">R02522</subfield>
    <subfield code="r">2026-04-10 16:05:59</subfield>
    <subfield code="w">2026-04-10</subfield>
    <subfield code="y">RN</subfield>
  </datafield>
  <datafield tag="952" ind1=" " ind2=" ">
    <subfield code="0">0</subfield>
    <subfield code="1">0</subfield>
    <subfield code="4">0</subfield>
    <subfield code="7">0</subfield>
    <subfield code="a">BCEJYS</subfield>
    <subfield code="b">BCEJYS</subfield>
    <subfield code="c">17</subfield>
    <subfield code="d">2010-09-01</subfield>
    <subfield code="h">Vol. 15, N&#xBA; 5 - sep./oct. 2010</subfield>
    <subfield code="l">0</subfield>
    <subfield code="o">H65 GES v15.n5</subfield>
    <subfield code="p">R02460</subfield>
    <subfield code="r">2026-04-10 16:05:59</subfield>
    <subfield code="w">2026-04-10</subfield>
    <subfield code="y">RN</subfield>
  </datafield>
  <datafield tag="952" ind1=" " ind2=" ">
    <subfield code="0">0</subfield>
    <subfield code="1">0</subfield>
    <subfield code="4">0</subfield>
    <subfield code="7">0</subfield>
    <subfield code="a">BCEJYS</subfield>
    <subfield code="b">BCEJYS</subfield>
    <subfield code="c">17</subfield>
    <subfield code="d">2010-07-01</subfield>
    <subfield code="h">Vol. 15, N&#xBA; 4 - jul./ago. 2010</subfield>
    <subfield code="l">0</subfield>
    <subfield code="o">H65 GES v15.n4</subfield>
    <subfield code="p">R02442</subfield>
    <subfield code="r">2026-04-10 16:05:59</subfield>
    <subfield code="w">2026-04-10</subfield>
    <subfield code="y">RN</subfield>
  </datafield>
  <datafield tag="952" ind1=" " ind2=" ">
    <subfield code="0">0</subfield>
    <subfield code="1">0</subfield>
    <subfield code="4">0</subfield>
    <subfield code="7">0</subfield>
    <subfield code="a">BCEJYS</subfield>
    <subfield code="b">BCEJYS</subfield>
    <subfield code="c">17</subfield>
    <subfield code="d">2010-05-01</subfield>
    <subfield code="h">Vol. 15, N&#xBA; 3 - may./jun. 2010</subfield>
    <subfield code="l">0</subfield>
    <subfield code="o">H65 GES v15.n3</subfield>
    <subfield code="p">R02433</subfield>
    <subfield code="r">2026-04-10 16:05:59</subfield>
    <subfield code="w">2026-04-10</subfield>
    <subfield code="y">RN</subfield>
  </datafield>
  <datafield tag="952" ind1=" " ind2=" ">
    <subfield code="0">0</subfield>
    <subfield code="1">0</subfield>
    <subfield code="4">0</subfield>
    <subfield code="7">0</subfield>
    <subfield code="a">BCEJYS</subfield>
    <subfield code="b">BCEJYS</subfield>
    <subfield code="c">17</subfield>
    <subfield code="d">2010-03-01</subfield>
    <subfield code="h">Vol. 15, N&#xBA; 2 - mar./abr. 2010</subfield>
    <subfield code="l">0</subfield>
    <subfield code="o">H65 GES v15.n2</subfield>
    <subfield code="p">R02391</subfield>
    <subfield code="r">2026-04-10 16:05:59</subfield>
    <subfield code="w">2026-04-10</subfield>
    <subfield code="y">RN</subfield>
  </datafield>
  <datafield tag="952" ind1=" " ind2=" ">
    <subfield code="0">0</subfield>
    <subfield code="1">0</subfield>
    <subfield code="4">0</subfield>
    <subfield code="7">0</subfield>
    <subfield code="a">BCEJYS</subfield>
    <subfield code="b">BCEJYS</subfield>
    <subfield code="c">17</subfield>
    <subfield code="d">2010-01-01</subfield>
    <subfield code="h">Vol. 15, N&#xBA; 1 - ene./feb. 2010</subfield>
    <subfield code="l">0</subfield>
    <subfield code="o">H65 GES v15.n1</subfield>
    <subfield code="p">R02374</subfield>
    <subfield code="r">2026-04-10 16:05:59</subfield>
    <subfield code="w">2026-04-10</subfield>
    <subfield code="y">RN</subfield>
  </datafield>
  <datafield tag="952" ind1=" " ind2=" ">
    <subfield code="0">0</subfield>
    <subfield code="1">0</subfield>
    <subfield code="4">0</subfield>
    <subfield code="7">0</subfield>
    <subfield code="a">BCEJYS</subfield>
    <subfield code="b">BCEJYS</subfield>
    <subfield code="c">17</subfield>
    <subfield code="d">2009-11-01</subfield>
    <subfield code="h">Vol. 14, N&#xBA; 6 - nov./dic. 2009</subfield>
    <subfield code="l">0</subfield>
    <subfield code="o">H65 GES v14.n6</subfield>
    <subfield code="p">R02363</subfield>
    <subfield code="r">2026-04-10 16:05:59</subfield>
    <subfield code="w">2026-04-10</subfield>
    <subfield code="y">RN</subfield>
  </datafield>
  <datafield tag="952" ind1=" " ind2=" ">
    <subfield code="0">0</subfield>
    <subfield code="1">0</subfield>
    <subfield code="4">0</subfield>
    <subfield code="7">0</subfield>
    <subfield code="a">BCEJYS</subfield>
    <subfield code="b">BCEJYS</subfield>
    <subfield code="c">17</subfield>
    <subfield code="d">2009-09-01</subfield>
    <subfield code="h">Vol. 14, N&#xBA; 5 - sep./oct. 2009</subfield>
    <subfield code="l">0</subfield>
    <subfield code="o">H65 GES v14.n5</subfield>
    <subfield code="p">R02347</subfield>
    <subfield code="r">2026-04-10 16:05:59</subfield>
    <subfield code="w">2026-04-10</subfield>
    <subfield code="y">RN</subfield>
  </datafield>
  <datafield tag="952" ind1=" " ind2=" ">
    <subfield code="0">0</subfield>
    <subfield code="1">0</subfield>
    <subfield code="4">0</subfield>
    <subfield code="7">0</subfield>
    <subfield code="a">BCEJYS</subfield>
    <subfield code="b">BCEJYS</subfield>
    <subfield code="c">17</subfield>
    <subfield code="d">2009-07-01</subfield>
    <subfield code="h">Vol. 14, N&#xBA; 4 - jul./ago. 2009</subfield>
    <subfield code="l">0</subfield>
    <subfield code="o">H65 GES v14.n4</subfield>
    <subfield code="p">R02323</subfield>
    <subfield code="r">2026-04-10 16:05:59</subfield>
    <subfield code="w">2026-04-10</subfield>
    <subfield code="y">RN</subfield>
  </datafield>
  <datafield tag="952" ind1=" " ind2=" ">
    <subfield code="0">0</subfield>
    <subfield code="1">0</subfield>
    <subfield code="4">0</subfield>
    <subfield code="7">0</subfield>
    <subfield code="a">BCEJYS</subfield>
    <subfield code="b">BCEJYS</subfield>
    <subfield code="c">17</subfield>
    <subfield code="d">2009-05-01</subfield>
    <subfield code="h">Vol. 14, N&#xBA; 3 - may./jun. 2009</subfield>
    <subfield code="l">0</subfield>
    <subfield code="o">H65 GES v14.n3</subfield>
    <subfield code="p">R02272</subfield>
    <subfield code="r">2026-04-10 16:05:59</subfield>
    <subfield code="w">2026-04-10</subfield>
    <subfield code="y">RN</subfield>
  </datafield>
  <datafield tag="952" ind1=" " ind2=" ">
    <subfield code="0">0</subfield>
    <subfield code="1">0</subfield>
    <subfield code="4">0</subfield>
    <subfield code="7">0</subfield>
    <subfield code="a">BCEJYS</subfield>
    <subfield code="b">BCEJYS</subfield>
    <subfield code="c">17</subfield>
    <subfield code="d">2009-03-01</subfield>
    <subfield code="h">Vol. 14, N&#xBA; 2 - mar./abr. 2009</subfield>
    <subfield code="l">0</subfield>
    <subfield code="o">H65 GES v14.n2</subfield>
    <subfield code="p">R02271</subfield>
    <subfield code="r">2026-04-10 16:05:59</subfield>
    <subfield code="w">2026-04-10</subfield>
    <subfield code="y">RN</subfield>
  </datafield>
  <datafield tag="952" ind1=" " ind2=" ">
    <subfield code="0">0</subfield>
    <subfield code="1">0</subfield>
    <subfield code="4">0</subfield>
    <subfield code="7">0</subfield>
    <subfield code="a">BCEJYS</subfield>
    <subfield code="b">BCEJYS</subfield>
    <subfield code="c">17</subfield>
    <subfield code="d">2009-01-01</subfield>
    <subfield code="h">Vol. 14, N&#xBA; 1 - ene./feb. 2009</subfield>
    <subfield code="l">0</subfield>
    <subfield code="o">H65 GES v14.n1</subfield>
    <subfield code="p">R02246</subfield>
    <subfield code="r">2026-04-10 16:05:59</subfield>
    <subfield code="w">2026-04-10</subfield>
    <subfield code="y">RN</subfield>
  </datafield>
  <datafield tag="952" ind1=" " ind2=" ">
    <subfield code="0">0</subfield>
    <subfield code="1">0</subfield>
    <subfield code="4">0</subfield>
    <subfield code="7">0</subfield>
    <subfield code="a">BCEJYS</subfield>
    <subfield code="b">BCEJYS</subfield>
    <subfield code="c">17</subfield>
    <subfield code="d">2008-11-01</subfield>
    <subfield code="h">Vol. 13, N&#xBA; 6 - nov./dic. 2008</subfield>
    <subfield code="l">0</subfield>
    <subfield code="o">H65 GES v13.n6</subfield>
    <subfield code="p">R02300</subfield>
    <subfield code="r">2026-04-10 16:05:59</subfield>
    <subfield code="w">2026-04-10</subfield>
    <subfield code="y">RN</subfield>
  </datafield>
  <datafield tag="952" ind1=" " ind2=" ">
    <subfield code="0">0</subfield>
    <subfield code="1">0</subfield>
    <subfield code="4">0</subfield>
    <subfield code="7">0</subfield>
    <subfield code="a">BCEJYS</subfield>
    <subfield code="b">BCEJYS</subfield>
    <subfield code="c">17</subfield>
    <subfield code="d">2008-09-01</subfield>
    <subfield code="h">Vol. 13, N&#xBA; 5 - sep./oct. 2008</subfield>
    <subfield code="l">0</subfield>
    <subfield code="o">H65 GES v.13.n5</subfield>
    <subfield code="p">R02227</subfield>
    <subfield code="r">2026-04-10 16:05:59</subfield>
    <subfield code="w">2026-04-10</subfield>
    <subfield code="y">RN</subfield>
  </datafield>
  <datafield tag="952" ind1=" " ind2=" ">
    <subfield code="0">0</subfield>
    <subfield code="1">0</subfield>
    <subfield code="4">0</subfield>
    <subfield code="7">0</subfield>
    <subfield code="a">BCEJYS</subfield>
    <subfield code="b">BCEJYS</subfield>
    <subfield code="c">17</subfield>
    <subfield code="d">2008-07-01</subfield>
    <subfield code="h">Vol. 13, N&#xBA; 4 - jul./ago. 2008</subfield>
    <subfield code="l">0</subfield>
    <subfield code="o">H65 GES v13.n4</subfield>
    <subfield code="p">R02181</subfield>
    <subfield code="r">2026-04-10 16:05:59</subfield>
    <subfield code="w">2026-04-10</subfield>
    <subfield code="y">RN</subfield>
  </datafield>
  <datafield tag="952" ind1=" " ind2=" ">
    <subfield code="0">0</subfield>
    <subfield code="1">0</subfield>
    <subfield code="4">0</subfield>
    <subfield code="7">0</subfield>
    <subfield code="a">BCEJYS</subfield>
    <subfield code="b">BCEJYS</subfield>
    <subfield code="c">17</subfield>
    <subfield code="d">2008-05-01</subfield>
    <subfield code="h">Vol. 13, N&#xBA; 3 - may./jun. 2008</subfield>
    <subfield code="l">0</subfield>
    <subfield code="o">H65 GES v13.n3</subfield>
    <subfield code="p">R02160</subfield>
    <subfield code="r">2026-04-10 16:05:59</subfield>
    <subfield code="w">2026-04-10</subfield>
    <subfield code="y">RN</subfield>
  </datafield>
  <datafield tag="952" ind1=" " ind2=" ">
    <subfield code="0">0</subfield>
    <subfield code="1">0</subfield>
    <subfield code="4">0</subfield>
    <subfield code="7">0</subfield>
    <subfield code="a">BCEJYS</subfield>
    <subfield code="b">BCEJYS</subfield>
    <subfield code="c">17</subfield>
    <subfield code="d">2008-03-01</subfield>
    <subfield code="h">Vol. 13, N&#xAA; 2 - mar./abr. 2008</subfield>
    <subfield code="l">0</subfield>
    <subfield code="o">H65 GES v13.n2</subfield>
    <subfield code="p">R02145</subfield>
    <subfield code="r">2026-04-10 16:05:59</subfield>
    <subfield code="w">2026-04-10</subfield>
    <subfield code="y">RN</subfield>
  </datafield>
  <datafield tag="952" ind1=" " ind2=" ">
    <subfield code="0">0</subfield>
    <subfield code="1">0</subfield>
    <subfield code="4">0</subfield>
    <subfield code="7">0</subfield>
    <subfield code="a">BCEJYS</subfield>
    <subfield code="b">BCEJYS</subfield>
    <subfield code="c">17</subfield>
    <subfield code="d">2008-01-01</subfield>
    <subfield code="h">Vol. 13, N&#xBA; 1 - ene./feb 2008</subfield>
    <subfield code="l">0</subfield>
    <subfield code="o">H65 GES v13.n1</subfield>
    <subfield code="p">R02138</subfield>
    <subfield code="r">2026-04-10 16:05:59</subfield>
    <subfield code="w">2026-04-10</subfield>
    <subfield code="y">RN</subfield>
  </datafield>
  <datafield tag="952" ind1=" " ind2=" ">
    <subfield code="0">0</subfield>
    <subfield code="1">0</subfield>
    <subfield code="4">0</subfield>
    <subfield code="7">0</subfield>
    <subfield code="a">BCEJYS</subfield>
    <subfield code="b">BCEJYS</subfield>
    <subfield code="c">17</subfield>
    <subfield code="d">2007-11-01</subfield>
    <subfield code="h">Vol. 12, N&#xBA;6 - nov./dic. 2007</subfield>
    <subfield code="l">0</subfield>
    <subfield code="o">H65 GES v12.n6</subfield>
    <subfield code="p">R02118</subfield>
    <subfield code="r">2026-04-10 16:05:59</subfield>
    <subfield code="w">2026-04-10</subfield>
    <subfield code="y">RN</subfield>
  </datafield>
  <datafield tag="952" ind1=" " ind2=" ">
    <subfield code="0">0</subfield>
    <subfield code="1">0</subfield>
    <subfield code="4">0</subfield>
    <subfield code="7">0</subfield>
    <subfield code="a">BCEJYS</subfield>
    <subfield code="b">BCEJYS</subfield>
    <subfield code="c">17</subfield>
    <subfield code="d">2007-09-01</subfield>
    <subfield code="h">Vol. 12, N&#xBA; 5 - sep./oct. 2007</subfield>
    <subfield code="l">0</subfield>
    <subfield code="o">H65 GES v12n.5</subfield>
    <subfield code="p">R02079</subfield>
    <subfield code="r">2026-04-10 16:05:59</subfield>
    <subfield code="w">2026-04-10</subfield>
    <subfield code="y">RN</subfield>
  </datafield>
  <datafield tag="952" ind1=" " ind2=" ">
    <subfield code="0">0</subfield>
    <subfield code="1">0</subfield>
    <subfield code="4">0</subfield>
    <subfield code="7">0</subfield>
    <subfield code="a">BCEJYS</subfield>
    <subfield code="b">BCEJYS</subfield>
    <subfield code="c">17</subfield>
    <subfield code="d">2007-07-01</subfield>
    <subfield code="h">Vol. 12, N&#xBA; 4 - jul./ago. 2007</subfield>
    <subfield code="l">0</subfield>
    <subfield code="o">H65 GES v12.n4</subfield>
    <subfield code="p">R02038</subfield>
    <subfield code="r">2026-04-10 16:05:59</subfield>
    <subfield code="w">2026-04-10</subfield>
    <subfield code="y">RN</subfield>
  </datafield>
  <datafield tag="952" ind1=" " ind2=" ">
    <subfield code="0">0</subfield>
    <subfield code="1">0</subfield>
    <subfield code="4">0</subfield>
    <subfield code="7">0</subfield>
    <subfield code="a">BCEJYS</subfield>
    <subfield code="b">BCEJYS</subfield>
    <subfield code="c">17</subfield>
    <subfield code="d">2007-05-01</subfield>
    <subfield code="h">Vol. 12, N&#xBA; 3 - may./jun. 2007</subfield>
    <subfield code="l">0</subfield>
    <subfield code="o">H65 GES v12.n3</subfield>
    <subfield code="p">R02004</subfield>
    <subfield code="r">2026-04-10 16:05:59</subfield>
    <subfield code="w">2026-04-10</subfield>
    <subfield code="y">RN</subfield>
  </datafield>
  <datafield tag="952" ind1=" " ind2=" ">
    <subfield code="0">0</subfield>
    <subfield code="1">0</subfield>
    <subfield code="4">0</subfield>
    <subfield code="7">0</subfield>
    <subfield code="a">BCEJYS</subfield>
    <subfield code="b">BCEJYS</subfield>
    <subfield code="c">17</subfield>
    <subfield code="d">2007-03-01</subfield>
    <subfield code="h">Vol. 12, N&#xBA; 2 - mar./abr. 2007</subfield>
    <subfield code="l">0</subfield>
    <subfield code="o">H65 GES v12.n2</subfield>
    <subfield code="p">R01978</subfield>
    <subfield code="r">2026-04-10 16:05:59</subfield>
    <subfield code="w">2026-04-10</subfield>
    <subfield code="y">RN</subfield>
  </datafield>
  <datafield tag="952" ind1=" " ind2=" ">
    <subfield code="0">0</subfield>
    <subfield code="1">0</subfield>
    <subfield code="4">0</subfield>
    <subfield code="7">0</subfield>
    <subfield code="a">BCEJYS</subfield>
    <subfield code="b">BCEJYS</subfield>
    <subfield code="c">17</subfield>
    <subfield code="d">2007-01-01</subfield>
    <subfield code="h">Vol. 12, N&#xBA; 1 - ene./feb. 2007</subfield>
    <subfield code="l">0</subfield>
    <subfield code="o">H65 GES v12.n1</subfield>
    <subfield code="p">R01977</subfield>
    <subfield code="r">2026-04-10 16:05:59</subfield>
    <subfield code="w">2026-04-10</subfield>
    <subfield code="y">RN</subfield>
  </datafield>
  <datafield tag="952" ind1=" " ind2=" ">
    <subfield code="0">0</subfield>
    <subfield code="1">0</subfield>
    <subfield code="4">0</subfield>
    <subfield code="7">0</subfield>
    <subfield code="a">BCEJYS</subfield>
    <subfield code="b">BCEJYS</subfield>
    <subfield code="c">17</subfield>
    <subfield code="d">2006-11-01</subfield>
    <subfield code="h">Vol. 11, N&#xBA; 6 - nov./dic. 2006</subfield>
    <subfield code="l">0</subfield>
    <subfield code="o">H65 GES v11.n6</subfield>
    <subfield code="p">R01949</subfield>
    <subfield code="r">2026-04-10 16:05:59</subfield>
    <subfield code="w">2026-04-10</subfield>
    <subfield code="y">RN</subfield>
  </datafield>
  <datafield tag="952" ind1=" " ind2=" ">
    <subfield code="0">0</subfield>
    <subfield code="1">0</subfield>
    <subfield code="4">0</subfield>
    <subfield code="7">0</subfield>
    <subfield code="a">BCEJYS</subfield>
    <subfield code="b">BCEJYS</subfield>
    <subfield code="c">17</subfield>
    <subfield code="d">2006-09-01</subfield>
    <subfield code="h">Vol. 11, N&#xBA; 5 - sep./oct. 2006</subfield>
    <subfield code="l">0</subfield>
    <subfield code="o">H65 GES v11.n5</subfield>
    <subfield code="p">R01948</subfield>
    <subfield code="r">2026-04-10 16:05:59</subfield>
    <subfield code="w">2026-04-10</subfield>
    <subfield code="y">RN</subfield>
  </datafield>
  <datafield tag="952" ind1=" " ind2=" ">
    <subfield code="0">0</subfield>
    <subfield code="1">0</subfield>
    <subfield code="4">0</subfield>
    <subfield code="7">0</subfield>
    <subfield code="a">BCEJYS</subfield>
    <subfield code="b">BCEJYS</subfield>
    <subfield code="c">17</subfield>
    <subfield code="d">2006-07-01</subfield>
    <subfield code="h">Vol. 11, N&#xBA; 4 - jul./ago. 2006</subfield>
    <subfield code="l">0</subfield>
    <subfield code="o">H65 GES v11.n4</subfield>
    <subfield code="p">R01850</subfield>
    <subfield code="r">2026-04-10 16:05:59</subfield>
    <subfield code="w">2026-04-10</subfield>
    <subfield code="y">RN</subfield>
  </datafield>
  <datafield tag="952" ind1=" " ind2=" ">
    <subfield code="0">0</subfield>
    <subfield code="1">0</subfield>
    <subfield code="4">0</subfield>
    <subfield code="7">0</subfield>
    <subfield code="a">BCEJYS</subfield>
    <subfield code="b">BCEJYS</subfield>
    <subfield code="c">17</subfield>
    <subfield code="d">2006-05-01</subfield>
    <subfield code="h">Vol. 11, N&#xBA; 3 - may./jun. 2006</subfield>
    <subfield code="l">0</subfield>
    <subfield code="o">H65 GES v11.n3</subfield>
    <subfield code="p">R01827</subfield>
    <subfield code="r">2026-04-10 16:05:59</subfield>
    <subfield code="w">2026-04-10</subfield>
    <subfield code="y">RN</subfield>
  </datafield>
  <datafield tag="952" ind1=" " ind2=" ">
    <subfield code="0">0</subfield>
    <subfield code="1">0</subfield>
    <subfield code="4">0</subfield>
    <subfield code="7">0</subfield>
    <subfield code="a">BCEJYS</subfield>
    <subfield code="b">BCEJYS</subfield>
    <subfield code="c">17</subfield>
    <subfield code="d">2006-03-01</subfield>
    <subfield code="h">Vol. 11, N&#xBA; 2 - mar./abr. 2006</subfield>
    <subfield code="l">0</subfield>
    <subfield code="o">H65 GES v11.n2</subfield>
    <subfield code="p">R01738</subfield>
    <subfield code="r">2026-04-10 16:05:59</subfield>
    <subfield code="w">2026-04-10</subfield>
    <subfield code="y">RN</subfield>
  </datafield>
  <datafield tag="952" ind1=" " ind2=" ">
    <subfield code="0">0</subfield>
    <subfield code="1">0</subfield>
    <subfield code="4">0</subfield>
    <subfield code="7">0</subfield>
    <subfield code="a">BCEJYS</subfield>
    <subfield code="b">BCEJYS</subfield>
    <subfield code="c">17</subfield>
    <subfield code="d">2006-01-01</subfield>
    <subfield code="h">Vol. 11, N&#xBA; 1 - ene./feb. 2006</subfield>
    <subfield code="l">0</subfield>
    <subfield code="o">H65 GES v11.n1</subfield>
    <subfield code="p">R01696</subfield>
    <subfield code="r">2026-04-10 16:05:59</subfield>
    <subfield code="w">2026-04-10</subfield>
    <subfield code="y">RN</subfield>
  </datafield>
  <datafield tag="952" ind1=" " ind2=" ">
    <subfield code="0">0</subfield>
    <subfield code="1">0</subfield>
    <subfield code="4">0</subfield>
    <subfield code="7">0</subfield>
    <subfield code="a">BCEJYS</subfield>
    <subfield code="b">BCEJYS</subfield>
    <subfield code="c">17</subfield>
    <subfield code="d">2005-11-01</subfield>
    <subfield code="h">Vol. 10, N&#xBA; 6 - nov./dic. 2005</subfield>
    <subfield code="l">0</subfield>
    <subfield code="o">H65 GES v10.n6</subfield>
    <subfield code="p">R01654</subfield>
    <subfield code="r">2026-04-10 16:05:59</subfield>
    <subfield code="w">2026-04-10</subfield>
    <subfield code="y">RN</subfield>
  </datafield>
  <datafield tag="952" ind1=" " ind2=" ">
    <subfield code="0">0</subfield>
    <subfield code="1">0</subfield>
    <subfield code="4">0</subfield>
    <subfield code="7">0</subfield>
    <subfield code="a">BCEJYS</subfield>
    <subfield code="b">BCEJYS</subfield>
    <subfield code="c">17</subfield>
    <subfield code="d">2005-09-01</subfield>
    <subfield code="h">Vol. 10, N&#xBA; 5 - sep./oct. 2005</subfield>
    <subfield code="l">0</subfield>
    <subfield code="o">H65 GES v10.n5</subfield>
    <subfield code="p">R01874</subfield>
    <subfield code="r">2026-04-10 16:05:59</subfield>
    <subfield code="w">2026-04-10</subfield>
    <subfield code="y">RN</subfield>
  </datafield>
  <datafield tag="952" ind1=" " ind2=" ">
    <subfield code="0">0</subfield>
    <subfield code="1">0</subfield>
    <subfield code="4">0</subfield>
    <subfield code="7">0</subfield>
    <subfield code="a">BCEJYS</subfield>
    <subfield code="b">BCEJYS</subfield>
    <subfield code="c">17</subfield>
    <subfield code="d">1996-01-01</subfield>
    <subfield code="h">Vol.1, N&#xBA; 1 - ene./feb. 1996</subfield>
    <subfield code="l">0</subfield>
    <subfield code="o">H65 GES v1.n1</subfield>
    <subfield code="p">R10123</subfield>
    <subfield code="r">2026-04-10 16:05:59</subfield>
    <subfield code="w">2026-04-10</subfield>
    <subfield code="y">RN</subfield>
  </datafield>
</record>
